Los fichajes más caros del fútbol - Nacidos en 1993 - Estadísticas

Estadísticas generales
  • Esta prueba ha sido intentada 52 veces
  • La puntuación promedio es 9 de 10
Estadísticas de respuestas
Coste (M €) Temporada Nacionalidad Último club Nuevo club Jugador % Correcto
113,00 2021-2022 Bélgica Inter Chelsea Romelu Lukaku
100%
84,70 2017-2018 Bélgica Everton Manchester United Romelu Lukaku
100%
74,00 2019-2020 Bélgica Manchester United Inter Romelu Lukaku
100%
95,00 2023-2024 Inglaterra Tottenham Bayern Múnich Harry Kane
98%
105,00 2016-2017 Francia Juventus Manchester United Paul Pogba
94%
50,00 2020-2021 Ghana Atlético Madrid Arsenal Thomas Partey
89%
87,00 2019-2020 Inglaterra Leicester City Manchester United Harry Maguire
87%
46,00 2023-2024 Brasil Liverpool Al-Ittihad Fabinho
81%
50,00 2020-2021 Argentina Inter PSG Mauro Icardi
72%
59,00 2018-2019 Brasil Shakhtar D. Manchester United Fred
70%
No se encontraron pruebas coincidentes
Distribución de puntuación
Porcentaje de gente con cada puntuación
Porcentaje por número respondido
Historial de tus puntuaciones
No has intentado esta prueba.